000 00504nam a2200181Ia 4500
001 17275
005 20260306170413.0
008 260306t2011||||xx |||||||||||||| ||und||
041 _aESP
082 _a657.61
_bG24
100 _aGarcía Quispe, José Luis
_eAUT
245 0 _aTodo sobre la NIC 12 y sus implicancias tributarias en el IR:
_bdiferencias temporales y permanentes
260 _c2011
300 _a310 páginas :
_c23 cm.
650 _aGEN
654 _aCCO
942 _cLIB
_dJUS
_fJUS
_2ddc
_n
999 _c17275
_d17275